| 000 | 01613nam a2200337 a 4500 | ||
|---|---|---|---|
| 001 | 000043899 | ||
| 003 | DO-SdBNP | ||
| 005 | 20240626114216.0 | ||
| 007 | ta | ||
| 008 | 240626s2000 dr 000 0 spa d | ||
| 040 |
_aDO-SdBNP _bspa _cBNPHU _erda |
||
| 082 |
_a344.729301 _bR426c, 2000 _222 |
||
| 110 | 1 |
_aRepública Dominicana _9447 |
|
| 240 | 1 | 0 | _a[Código de trabajo] |
| 245 | 1 | 0 |
_aCódigo de trabajo de la Repúbliica Dominicana : _bley 16-92 promulgada el 29 de mayo de 1992, modificado en los Arts. 177, 184, 222, 263, 264, 467 y 473 : Reglamento para la apliación, Decreto no. 258-93 del 1ro de octubre de 1993, Reglamento para la apliación, Decreto no. 258-93 del 1ro de octubre de 1993, resoluciones del secretario de trabajo |
| 250 | _a10a. edición, corregida ,actualizada y ampliada | ||
| 264 |
_aMoca, República Dominicana : _bDalis, _c2000 |
||
| 300 |
_a472 paginas ; _c25 cm. |
||
| 336 |
_2rdacontent _atexto _btxt |
||
| 337 |
_2rdamedia _asin mediación _bn |
||
| 338 |
_2rdacarrier _avolumen _bnc |
||
| 500 | _aLegislación complementarias y comentarios del Lic. Carlos Hernández Contreras : convenios internacionales de la Organización Internacional del Trabajo O.I:T., ratificado por el Congreso Nacional de la República Dominicana | ||
| 590 | _aInventariado, 2024/DG | ||
| 650 | 4 |
_aDerecho laboral _xLegislación _zRepública Dominicana _97806 |
|
| 650 | 4 |
_aLegislación laboral _zRepública Dominicana _911733 |
|
| 650 | 4 |
_aLeyes _xRepública dominicana _910364 |
|
| 651 | 4 |
_aRepública Dominicana _xLey 16-92 _952585 |
|
| 700 | _967425 | ||
| 910 | _aDG | ||
| 942 |
_2ddc _cLBS1 |
||
| 999 |
_c57017 _d57017 |
||